Die 7 Kontinente nach Fläche - Statistiken

Allgemein
  • Dieses Quiz wurde 120 mal gespielt
  • Das Durchschnittsergebnis liegt bei 7 aus 7
Antwortstatistiken
Fläche in km² Kontinent % Korrekt
30.221.532 Afrika
100%
44.614.500 Asien
100%
24.930.000 Nordamerika
100%
17.843.000 Südamerika
100%
10.523.000 Europa
98%
9.000.000 Ozeanien
98%
14.000.000 Antarktika
97%
Keine übereinstimmenden Quizze gefunden
Verteilung der Resultate
Anzahl Personen mit jedem Resultat
Perzentil nach korrekt beantworteten Fragen
Ihre Resultats-Entwicklung
Sie haben dieses Quiz noch nicht gespielt